000 00888cam a2200253 i 4500
001 37790
005 20230410130521.0
008 070427b1971 sp a 000 0 spa
041 0 _aspa
050 1 4 _aPL 2512
_bS331c 1971
082 0 0 _a895.109
100 1 _aSchickel, Joachim
245 1 0 _aChina, revolución en la literatura /
_cJoachim Schickel ; traducción de Eduardo Subirats.
260 _aBarcelona :
_bBarral Editores,
_c1971
300 _a150 p. ;
_c19 cm.
500 _aTítulo de la edición original: China: die Revolution der Literatur. Munchen, Ger. : Hanser, 1969.
650 0 _aChinese literature
_y20th century
_xHistory and criticism.
650 0 _aCommunism
_zChina.
650 0 _aCommunism and literature.
650 4 _aLiteratura china
_ySiglo XX
650 4 _aComunismo y literatura.
650 4 _aLiteratura china
_xHistoria y crítica.
942 _2lcc
_cbk
999 _c75436
_d75436